Managing customer value (Бичлэгийн дугаар. 145634)
| 000 -УДИРДЛАГА | |
|---|---|
| Удирдлага | 01361nam a22003617a 4500 |
| 003 - ХЯНАЛТЫН ТОО ТОДОРХОЙЛОГЧ | |
| Код | MN-UlNUM |
| 005 - БИЧИЛТ ХИЙСЭН ОГНОО | |
| Тухайн бичилтийг бичсэн засварласан сүүлийн огноо | 20251119140739.0 |
| 008 - ЕРӨНХИЙ МЭДЭЭЛЭЛ | |
| Ерөнхий мэдээлэл | 251117s1994 nyua b 001 0 eng |
| 020 ## - ISBN | |
| ISBN | 0029110459 |
| 040 ## - БИЧЛЭГ ҮҮСГЭГЧ БАЙГУУЛЛАГА | |
| Бичлэг үүсгэгч номын сангийн код | МУИС-ийн номын сан |
| 084 ## - ББК АНГИЛАЛ | |
| Нэмэлт тусгалт | Нэг сэдэвт бүтээл |
| ББК ангилал | 65.290-2 |
| Зохиогчийн гурван тэмдэгт | G 15 |
| Мэдлэгийн ялгаа | 65 - Эдийн засаг |
| 100 1# - ЗОХИОГЧ | |
| Зохиогчийн нэр | Gale, Bradley T |
| 245 10 - ҮНДСЭН ГАРЧИГ | |
| Номын нэр | Managing customer value |
| Бага гарчгийн мэдээ | Creating quality and service that customers can see |
| 260 ## - ГАРАЛТЫН МЭДЭЭ | |
| Хэвлэгдсэн газар | New York |
| Хэвлэлийн газар | Free Press |
| Хэвлэгдсэн он | 1994 |
| 300 ## - МАТЕРИАЛЫН ТОДОРХОЙЛОЛТ | |
| хуудасны тоо | xxii, 424 p. : |
| Бусад тоон мэдээлэл | ill. ; |
| Хэмжээ | 25 cm |
| 500 ## - Тайлбар | |
| Дансны дугаар | БС 3914 |
| 505 ## - Агуулгын тэмдэглэгээ | |
| Агуулгын тэмдэглэгээ | Argues that companies that offer what their customers consider superior quality products and services will be most successful, and provides advice on reaching that end |
| 546 ## - ХЭЛНИЙ ТУХАЙ МЭДЭЭ | |
| Хэл | Англи хэл дээр, |
| 653 ## - Түлхүүр үг | |
| Түлхүүр үг | quality of products |
| 653 ## - Түлхүүр үг | |
| Түлхүүр үг | evaluation |
| 653 ## - Түлхүүр үг | |
| Түлхүүр үг | consumer satisfaction |
| 653 ## - Түлхүүр үг | |
| Түлхүүр үг | marketing |
| 653 ## - Түлхүүр үг | |
| Түлхүүр үг | management |
| 700 ## - ХАМ ЗОХИОГЧИД | |
| Ба бус | Robert Chapman Wood |
| 740 ## - НОМЫН ГАРЧИГ | |
| Гарчиг | Making quality a strategic weapon |
| 740 ## - НОМЫН ГАРЧИГ | |
| Гарчиг | Role models: Companies that delivered market-perceived quality and value |
| 740 ## - НОМЫН ГАРЧИГ | |
| Гарчиг | Managing some big issues eith customer value management |
| 740 ## - НОМЫН ГАРЧИГ | |
| Гарчиг | The tools and metrics of customer value analysis |
| 740 ## - НОМЫН ГАРЧИГ | |
| Гарчиг | The payoff from providing superior quality and value |
| 942 ## - ЭЛЕМЕНТИЙН ТӨРӨЛ | |
| Зүйлийн төрөл | Ном |
